书目信息 |
| 题名: |
颖武元天
|
|
| 作者: | 神月离人 著 | |
| 分册: | Ⅱ | |
| 出版信息: | 北京 龙门书局 2007.11 |
|
| 页数: | 250页 | |
| 开本: | 24cm | |
| 丛书名: | ||
| 单 册: | ||
| 中图分类: | I247.5 | |
| 科图分类: | ||
| 主题词: | 长篇小说--中国--当代 | |
| 电子资源: | ||
| ISBN: | 978-7-5088-1417-9 | |
| 000 | 01030nam0 2200217 450 | |
| 001 | 1060749371 | |
| 005 | 20100710165526.96 | |
| 010 | @a978-7-5088-1417-9@dCNY25.00 | |
| 100 | @a20100515d2007 km y0chiy0120 ea | |
| 101 | 0 | @achi |
| 102 | @aCN@b110000 | |
| 105 | @ay z 000yy | |
| 200 | 1 | @a颖武元天@hⅡ@f神月离人著@Fshen yue li ren zhu |
| 210 | @a北京@c龙门书局@d2007.11 | |
| 215 | @a250页@d24cm | |
| 330 | @a真的很茫然,明明和最好的朋友―起坐着吃火锅看动画,转眼居然出现在了传说中最佳穿越圣地网球王子的世界。自然地和他们目识,不过分地贴近他们的生活,只是平静地过自己的日子,却在冥冥中和他们越走越近,尤其是他,和过去的她有着相同梦想的男孩。她甘心为他治疗,甘心为他逆天,尽管动机并不那么单纯,但彼此的情谊是真。她没有一天放弃过回去的想法,因为那里是她最重视的人的安栖之地。对朋友她从来赴汤蹈火,但她很聪明,绝不会盲目付出,只是这个世界耀眼的背后存在太多过去的依恋。 | |
| 606 | 0 | @a长篇小说@y中国@z当代 |
| 690 | @aI247.5@v4 | |
| 701 | 0 | @a神月离人@Ashen yue li ren@4著 |
| 801 | 0 | @aCN@c20100515 |
| 905 | @dI247.5@eS379-2:2@f3 | |
| 颖武元天.Ⅱ/神月离人著.-北京:龙门书局,2007.11 |
| 250页;24cm |
| ISBN 978-7-5088-1417-9:CNY25.00 |
| 真的很茫然,明明和最好的朋友―起坐着吃火锅看动画,转眼居然出现在了传说中最佳穿越圣地网球王子的世界。自然地和他们目识,不过分地贴近他们的生活,只是平静地过自己的日子,却在冥冥中和他们越走越近,尤其是他,和过去的她有着相同梦想的男孩。她甘心为他治疗,甘心为他逆天,尽管动机并不那么单纯,但彼此的情谊是真。她没有一天放弃过回去的想法,因为那里是她最重视的人的安栖之地。对朋友她从来赴汤蹈火,但她很聪明,绝不会盲目付出,只是这个世界耀眼的背后存在太多过去的依恋。 |
| ● |
| 相关链接 |
|
|
|
正题名:颖武元天
索取号:I247.5/S379-2:2
 
预约/预借
| 序号 | 登录号 | 条形码 | 馆藏地/架位号 | 状态 | 备注 |
| 1 | 990666 | 209906663 | 文学库108/108文学库 36排3列3层/ [索取号:I247.5/S379-2:2] | 在馆 | |
| 2 | 990667 | 209906672 | 文学库108/108文学库 36排3列3层/ [索取号:I247.5/S379-2:2] | 在馆 | |
| 3 | 990668 | 209906681 | 文学库108/108文学库 36排3列3层/ [索取号:I247.5/S379-2:2] | 在馆 |